000 00567nam a2200205Ia 4500
008 220216s9999 xx 000 0 und d
100 _aNandanan V
245 0 _aRubber seed oil: A multipurpose additive in NR and SBR compounds
260 _bJournal of Applied Polymer Science
_c1999
300 _a487-492
650 _aActivator
650 _aMultipurpose additive
650 _aNatural rubber
650 _aPlasticizer
650 _aRubber seed oil
650 _aStyrene butadiene rubber
700 _aGeorge K E
700 _aJoseph Rani
942 _cJS
999 _c67992
_d67992